000 00800cab a2200253 4500
001 ABS56837
008 090401t1997 xxu||||| |||| 00| 0 eng d
035 _a(Sirsi) u78050
041 _aeng
100 _aO`Donnell, S.
245 _aIntroducing the workshop approach
260 _c1997
350 _a0
490 _aPFI Intelligence Bulletin
_v2(2) March 1997, 14-15(2)
520 _aExplains how a workshop approach can be used as part of the PFI process. In the author`s case a workshop was used to build a case for pursuing the A130 bypass as a DBFO scheme.
650 _aA130 BYPASS
650 _aDBFO
650 _aPFI
650 _aPRIVATE FINANCE INTIATIVE
650 _aWORKSHOPS
690 _aPROPERTY-PROPERTY FINANCE AND INVESTMENT
942 _n0
948 _c29/04/1997
999 _c49104
_d49104